French Cities Typing Challenge Quiz Stats

 Plays Quiz not verified by Sporcle

Challenge
Share
Tweet
Embed
Score 0/40 Timer 01:00
2 Plays Today
City Type It! % Correct
????
100%
????
98.8%
????
98.5%
????
98.1%
????
97.4%
????
96.4%
????
96.3%
????
96.1%
????
96.1%
????
96%
????
96%
????
95.5%
????
95%
????
95%
????
94.9%
????
94.7%
????
94%
????
93.3%
????
92.6%
????
92.4%
City Type It! % Correct
????
92.1%
????
91.3%
????
90.9%
????
89.5%
????
87.6%
????
85.6%
????
84.2%
????
79.6%
????
75.7%
????
71.1%
????
65.9%
????
61.1%
????
57.1%
????
52%
????
43.2%
????
37%
????
31.4%
????
25.9%
????
20.9%
????
16.3%

You're not logged in!

Compare scores with friends on all Sporcle quizzes.
OR
Log In

You Might Also Like...

Show Comments

Extras

Curator's Pick Jul 21, 2017ReportNominate
Tags:City Quiz, French Quiz, Typing Quiz, challenge, fast

Top Quizzes Today


Score Distribution

Your Account Isn't Verified!

In order to create a playlist on Sporcle, you need to verify the email address you used during registration. Go to your Sporcle Settings to finish the process.

Report this User

Report this user for behavior that violates our Community Guidelines.

Details: